| 000 -LEADER |
| fixed length control field |
00491nam a22001337a 4500 |
| 008 - FIXED-LENGTH DATA ELEMENTS--GENERAL INFORMATION |
| fixed length control field |
120411t xxu||||| |||| 00| 0 eng d |
| 050 ## - LIBRARY OF CONGRESS CALL NUMBER |
| Classification number |
BV 4501.2 |
| Item number |
.S95 S77 |
| 100 ## - MAIN ENTRY--PERSONAL NAME |
| Personal name |
Swindoll, Charles R. |
| 9 (RLIN) |
1408 |
| 245 ## - TITLE STATEMENT |
| Title |
Stress fractures |
| Remainder of title |
Avoiding, advice and encouragement for handling your fast-paced life. |
| 260 ## - PUBLICATION, DISTRIBUTION, ETC. (IMPRINT) |
| Place of publication, distribution, etc |
Grand Rapids, Mi. |
| Name of publisher, distributor, etc |
Zondervan Publishing House |
| Date of publication, distribution, etc |
1990. |
| 300 ## - PHYSICAL DESCRIPTION |
| Extent |
247 p. |
| Dimensions |
24 cm. |
| 650 ## - SUBJECT ADDED ENTRY--TOPICAL TERM |
| Topical term or geographic name as entry element |
Stress (psychology) |
| General subdivision |
Religious aspects |
| -- |
Christianity. |
| 9 (RLIN) |
2375 |
| 942 ## - ADDED ENTRY ELEMENTS (KOHA) |
| Source of classification or shelving scheme |
|
| Item type |
Books |